|
|
|
|
| LEADER |
00000nam0a2200000 4500 |
| 001 |
32774 |
| 005 |
20231030205319.0 |
| 035 |
|
|
|a (RuTPU)RU\TPU\book\33076
|
| 035 |
|
|
|a BOOK00000073
|
| 090 |
|
|
|a 32774
|
| 100 |
|
|
|a 20011210d1986 m y0rusy50 ca
|
| 101 |
0 |
|
|a rus
|
| 102 |
|
|
|a RU
|
| 105 |
|
|
|a a j 001zy
|
| 200 |
1 |
|
|a Дозиметрия и защита от ионизирующих излучений
|e учебник для вузов
|f Б. П. Голубев
|
| 205 |
|
|
|a 4-е изд., перераб. и доп.
|
| 210 |
|
|
|a Москва
|c Энергоатомиздат
|d 1986
|
| 215 |
|
|
|a 464 с.
|c ил.
|
| 225 |
1 |
|
|a Для студентов вузов
|
| 320 |
|
|
|a Библиогр.: с. 455-456.
|
| 320 |
|
|
|a Предм. указ.: с. 456-458.
|
| 451 |
|
1 |
|0 (RuTPU)RU\TPU\book\33211
|t Дозиметрия и защита от ионизирующих излучений
|o учебник для вузов
|f Б. П. Голубев
|g Под ред. Е. Л. Столяровой
|e 3-е изд., перераб. и доп.
|c М.
|n Атомиздат
|d 1976
|p 503 с.
|a Голубев, Борис Павлович
|
| 610 |
1 |
|
|a ядерная физика
|
| 610 |
1 |
|
|a дозиметрия
|
| 610 |
1 |
|
|a ионизирующие излучения
|
| 610 |
1 |
|
|a защита
|
| 610 |
1 |
|
|a рентгеновское излучение
|
| 610 |
1 |
|
|a приборы контроля
|
| 610 |
1 |
|
|a радиационная безопасность
|
| 610 |
1 |
|
|a дозиметрический контроль
|
| 610 |
1 |
|
|a окружающая среда
|
| 610 |
1 |
|
|a охрана
|
| 610 |
1 |
|
|a ядерная энергетика
|
| 610 |
1 |
|
|a учебные пособия
|
| 675 |
|
|
|a 539.16.081(075.8)
|v 3
|
| 700 |
|
1 |
|a Голубев
|b Б. П.
|g Борис Павлович
|
| 801 |
|
0 |
|a RU
|b 63413507
|c 20011210
|g PSBO
|
| 801 |
|
2 |
|a RU
|b 63413507
|c 20201116
|g PSBO
|
| 900 |
|
|
|a Методы и приборы физических измерений
|
| 900 |
|
|
|a Дозиметрия и защита от ионизирующего излучения ядерного реактора
|
| 900 |
|
|
|a Дозиметрия и защита от излучений
|
| 900 |
|
|
|a Физика защиты
|
| 900 |
|
|
|a Преобразователи и дозиметрия ионизирующих излучений
|
| 942 |
|
|
|c BK
|